Άνθρωπος χωρίς ανάσα
Saved in:
| Main Author: | |
|---|---|
| Format: | Book |
| Language: | Greek English |
| Published: |
Αθήνα :
Κέδρος,
c2014.
|
| Series: | Ξένη πεζογραφία (Κέδρος)
|
| Subjects: | |
| Tags: |
Add Tag
No Tags, Be the first to tag this record!
|
MARC
| LEADER | 00000cam a2200000 a 4500 | ||
|---|---|---|---|
| 001 | 1/116531 | ||
| 008 | 180516s2014####gr | ||| |||| ||gre|| | ||
| 020 | |a 9789600445077 | ||
| 040 | |a GR-MyUa |b gre |c GR-MyUa |e AACR2 | ||
| 041 | 1 | |a gre |h eng | |
| 082 | 7 | |a 823 |2 (23) | |
| 100 | 1 | |a Kerr, Philip. | |
| 245 | 1 | 0 | |a Άνθρωπος χωρίς ανάσα / |c Philip Kerr ; μετάφραση Ανδρέας Αποστολίδης. |
| 260 | |a Αθήνα : |b Κέδρος, |c c2014. | ||
| 300 | |a 507 σ. ; |c 21 εκ. | ||
| 490 | 1 | |a (Ξένη πεζογραφία / Κέδρος) | |
| 500 | |a Τίτλος πρωτοτύπου: A man without breath. | ||
| 650 | 0 | |a English fiction. | |
| 830 | 0 | |a Ξένη πεζογραφία (Κέδρος) | |
| 852 | |a INST |b SYROS |e 20180516 |h 823 KER |p 005500013382 |q 005500013382 |t BK |y 0 | ||
| 970 | |a Κοντού |b Παρασκευή |z 16/05/2018 | ||